[Event "SR 3. liga A2 2004/2005"]
[Site "?"]
[Date "2004.??.??"]
[Round "?"]
[White "Palka, Miroslav"]
[Black "Sturdik, Igor"]
[Result "1-0"]
[WhiteElo "2040"]
[BlackElo "1925"]
[Annotator "Modranka - Senica B"]
[PlyCount "75"]
[EventDate "2004.??.??"]

1. c4 Nf6 2. Nc3 e6 3. e4 d5 4. e5 d4 5. exf6 dxc3 6. bxc3 Qxf6 7. d4 e5 8. Nf3
exd4 9. Bg5 Qe6+ 10. Be2 Be7 11. Bxe7 d3 12. Qxd3 Qxe7 13. O-O O-O 14. Rfe1 Na6
15. Qxh7+ Kxh7 16. Bd3+ g6 17. Rxe7 Kg7 18. Re5 b6 19. Be4 Rb8 20. Nd4 Bd7 21.
Nc6 Rbe8 22. Rxe8 Rxe8 23. Bf3 Bxc6 24. Bxc6 Re2 25. Ba4 Nc5 26. Kf1 Rb2 27.
Bc6 Rc2 28. a4 Rxc3 29. Bd5 Rc2 30. Ra3 a5 31. g4 Rb2 32. Re3 Nxa4 33. Re7 Nc3
34. Rxf7+ Kh6 35. Be6 Re2 36. Bd7 Rd2 37. h4 Rxd7 38. Rxd7 1-0

[Event "SR 3. liga A2 2004/2005"]
[Site "?"]
[Date "2004.??.??"]
[Round "?"]
[White "Kohoutek, Pavol"]
[Black "Skapikova, Lubica"]
[Result "0-1"]
[WhiteElo "2075"]
[BlackElo "2000"]
[Annotator "Modranka - Senica B"]
[PlyCount "48"]
[EventDate "2004.??.??"]

1. e4 e5 2. Nc3 Bc5 3. Bc4 Nf6 4. d3 d6 5. Be3 Nbd7 6. Qd2 c6 7. Bxc5 Nxc5 8.
Nge2 Be6 9. Bb3 a5 10. f4 Bd7 11. a3 Nxb3 12. cxb3 Qb6 13. fxe5 dxe5 14. Qg5
Ng4 15. Qxg7 Qf2+ 16. Kd2 O-O-O 17. Rhf1 Qe3+ 18. Kc2 Be6 19. Rf3 Qb6 20. Qg5
Rhg8 21. Qd2 Nxh2 22. Rg3 Rxg3 23. Nxg3 Bxb3+ 24. Kc1 Qg1+ 0-1

[Event "SR 3. liga A2 2004/2005"]
[Site "?"]
[Date "2004.??.??"]
[Round "?"]
[White "Fidericky, Milan"]
[Black "Mackovic, Miroslav"]
[Result "1/2-1/2"]
[WhiteElo "1940"]
[BlackElo "1930"]
[Annotator "Modranka - Senica B"]
[PlyCount "140"]
[EventDate "2004.??.??"]

1. d4 Nf6 2. c4 d6 3. Nc3 g6 4. g3 Bg7 5. Bg2 O-O 6. Nf3 Nc6 7. O-O a6 8. h3
Bd7 9. Kh2 Na5 10. Qd3 c5 11. d5 Rb8 12. Nd2 b5 13. b3 b4 14. Nd1 Ng4+ 15. hxg4
Bxa1 16. f3 Bg7 17. Ne4 f5 18. gxf5 gxf5 19. Ng5 h6 20. Nh3 Qe8 21. Nf4 Nb7 22.
Rh1 e5 23. dxe6 Bxe6 24. Ne3 Bd7 25. Bh3 Qf7 26. Ned5 Nd8 27. Rg1 Nc6 28. Ne3
Nd4 29. Ned5 a5 30. Rf1 Nc6 31. Ne3 Qf6 32. Nxf5 Ne7 33. Nxe7+ Qxe7 34. Ng6 Qf7
35. Nxf8 Bxh3 36. Kxh3 Qxf8 37. Qd5+ Kh8 38. Rd1 Re8 39. Qd3 Re5 40. Kg2 Qe7
41. e4 Re6 42. Bf4 Bf8 43. Qd5 Qe8 44. Rh1 Kg7 45. Rh4 Rg6 46. e5 Qe6 47. Qb7+
Qe7 48. Qxe7+ Bxe7 49. Rh1 dxe5 50. Bxe5+ Kf7 51. Rd1 Ra6 52. f4 a4 53. Kf3
axb3 54. axb3 h5 55. f5 Bf6 56. Ke4 Ra2 57. Bxf6 Kxf6 58. Kd5 Kxf5 59. Kxc5 Kg4
60. Rd3 Rg2 61. Kxb4 Rxg3 62. Rxg3+ Kxg3 63. c5 h4 64. c6 h3 65. c7 h2 66. c8=Q
h1=Q 67. Qc3+ Kf4 68. Qc4+ Ke5 69. Qc7+ Ke6 70. Kb5 Qd5+ 1/2-1/2

[Event "SR 3. liga A2 2004/2005"]
[Site "?"]
[Date "2004.??.??"]
[Round "?"]
[White "Gajarsky, Julius"]
[Black "Zisek, Jaroslav"]
[Result "1/2-1/2"]
[WhiteElo "1840"]
[BlackElo "1770"]
[Annotator "Modranka - Senica B"]
[PlyCount "120"]
[EventDate "2004.??.??"]

1. Nf3 c5 2. c4 Nc6 3. Nc3 g6 4. e3 Bg7 5. d4 cxd4 6. exd4 d6 7. Be3 Bf5 8. Nh4
Bd7 9. Be2 e5 10. Nf3 Nge7 11. d5 Nb4 12. a3 Na6 13. Rc1 O-O 14. b4 Nf5 15. Bd2
Nc7 16. Ne4 Be8 17. O-O Ne7 18. Bc3 f5 19. Ng3 h6 20. Qb3 Bf7 21. Qc2 Rc8 22.
b5 Ne8 23. Qb2 Nf6 24. a4 f4 25. Nh1 Ne4 26. Bb4 Nc5 27. Bxc5 Rxc5 28. Qb4 g5
29. Nd2 Bg6 30. f3 Kh7 31. Nf2 Rc7 32. Nde4 Rd7 33. Rfd1 b6 34. Bd3 Nf5 35. Qb1
Nd4 36. Kf1 Bf5 37. h3 Qe8 38. Qb4 Qe7 39. Qb1 Bg6 40. Ng4 Nf5 41. Ke1 h5 42.
Nh2 Ne3 43. Rd2 Rf7 44. Nf1 Nf5 45. Rf2 Bf8 46. Qc2 Qd8 47. g4 Nd4 48. Qb1 h4
49. Nfd2 Kh6 50. Rc3 Rc7 51. Nb3 Nxb3 52. Rxb3 Bxe4 53. fxe4 Rb7 54. Qa1 Qc7
55. Qa3 Be7 56. Bf1 Bd8 57. Rc2 Qc5 58. Qxc5 bxc5 59. Ra2 Ba5+ 60. Ke2 Rb6
1/2-1/2

[Event "SR 3. liga A2 2004/2005"]
[Site "?"]
[Date "2004.??.??"]
[Round "?"]
[White "Godula, Martin"]
[Black "Pribila, Michal"]
[Result "1-0"]
[WhiteElo "2110"]
[BlackElo "2055"]
[Annotator "Pies any B - Gbely"]
[PlyCount "79"]
[EventDate "2004.??.??"]

1. e4 c5 2. Nf3 d6 3. d4 cxd4 4. Nxd4 Nf6 5. Nc3 a6 6. Bg5 e6 7. f4 Nbd7 8. Qf3
Qc7 9. O-O-O b5 10. Bd3 Bb7 11. Rhe1 O-O-O 12. Kb1 Kb8 13. Rc1 Be7 14. Nd1 Nc5
15. Nf2 h6 16. Bxf6 Bxf6 17. c3 e5 18. fxe5 dxe5 19. Nb3 Nxd3 20. Nxd3 Bg5 21.
Rcd1 f5 22. Qxf5 Rhf8 23. Qg4 Rf7 24. Nbc5 Bc8 25. Qe2 Be7 26. b4 Rf6 27. Rf1
Rdf8 28. Rxf6 Rxf6 29. Rf1 Rxf1+ 30. Qxf1 Bxc5 31. Nxc5 Qd8 32. Kc2 Qh4 33. h3
Qg3 34. Kb3 Qg6 35. Kc2 Qg3 36. Qe2 g5 37. Qd2 Kc7 38. Kb3 Qf4 39. Qd5 Qf6 40.
a4 {cierny cas} 1-0

[Event "SR 3. liga A2 2004/2005"]
[Site "?"]
[Date "2004.??.??"]
[Round "?"]
[White "Vach, Jozef"]
[Black "Manak, Jozef"]
[Result "1/2-1/2"]
[WhiteElo "2035"]
[BlackElo "2075"]
[Annotator "Piestany B - Gbely"]
[PlyCount "66"]
[EventDate "2004.??.??"]

1. d4 d5 2. Nf3 Nf6 3. e3 b6 4. b3 e6 5. Bd3 Bd6 6. O-O O-O 7. Nbd2 Bb7 8. Bb2
Ne4 9. Rc1 Nd7 10. Ne5 Nxe5 11. dxe5 Bc5 12. Qe2 a5 13. Rfd1 Qe7 14. Nf3 a4 15.
c3 axb3 16. axb3 Ba3 17. Qc2 f6 18. Bxe4 dxe4 19. exf6 gxf6 20. Bxa3 Rxa3 21.
Nd2 f5 22. Qb2 Rfa8 23. Ra1 Qd6 24. Nf1 Rxa1 25. Rxd6 cxd6 26. c4 Kf7 27. g3 e5
28. Kg2 R8a2 29. Qc3 Rd1 30. Qb4 Ba8 31. Qxb6 f4 32. Qc7+ Ke6 33. Qc8+ Ke7
1/2-1/2

[Event "SR 3. liga A2 2004/2005"]
[Site "?"]
[Date "2004.??.??"]
[Round "?"]
[White "Stepanovic, Branislav"]
[Black "Pribila, Gerhard"]
[Result "0-1"]
[WhiteElo "2055"]
[BlackElo "1715"]
[Annotator "Piestany B - Gbely"]
[PlyCount "75"]
[EventDate "2004.??.??"]

1. e4 c5 2. Nf3 d6 3. d4 cxd4 4. Nxd4 Nf6 5. Nc3 g6 6. Be3 Bg7 7. f3 O-O 8. Bc4
Nc6 9. Qd2 Bd7 10. O-O-O Rc8 11. Bb3 Ne5 12. Bh6 Bxh6 13. Qxh6 Qa5 14. Nce2 Nc4
15. Kb1 b5 16. g4 Qc7 17. Nc3 Qc5 18. h4 a5 19. h5 g5 20. Nd5 Nxd5 21. Qxg5+
Kh8 22. exd5 f6 23. Qh6 Rg8 24. Nf5 Bxf5 25. gxf5 Ne3 26. Rde1 Nxf5 27. Qf4 Rg5
28. c3 Rc7 29. Bc2 Ng3 30. Rh3 Qf2 31. Rc1 Ne2 32. Qe4 f5 33. Qh4 Qxh4 34. Rxh4
Nxc1 35. Kxc1 Rc4 36. Rh3 Rc5 37. Bd3 Rxd5 38. Be2 {biely cas} 0-1

[Event "SR 3. liga A2 2004/2005"]
[Site "?"]
[Date "2004.??.??"]
[Round "?"]
[White "Jozefovic, Milan"]
[Black "Pobjecky, Ivan"]
[Result "0-1"]
[WhiteElo "1730"]
[BlackElo "2010"]
[Annotator "Piestany B - Gbely"]
[PlyCount "84"]
[EventDate "2004.??.??"]

1. e4 c5 2. Bc4 Nc6 3. Nf3 d6 4. h3 Nf6 5. Nc3 g6 6. O-O Bg7 7. d4 cxd4 8. Nxd4
O-O 9. Be3 Bd7 10. f3 Rc8 11. Nxc6 Bxc6 12. Bb3 a6 13. Qd2 b5 14. Bh6 Qb6+ 15.
Rf2 Rfd8 16. Bxg7 Kxg7 17. Rd1 e6 18. Ne2 a5 19. c3 e5 20. Bd5 Bxd5 21. exd5
Rc5 22. Qe3 Qb7 23. f4 Rxd5 24. Rxd5 Qxd5 25. f5 Ne4 26. Qf3 Nf6 27. Qe3 Ne4
28. Qf3 Nf6 29. Qe3 {pozicia 3x} Qc5 30. Qf3 Rf8 31. Ng3 d5 32. Kh2 Qd6 33. Kh1
Nd7 34. Rd2 Nf6 35. h4 e4 36. Qe3 Ng4 37. Qe1 Qf6 38. Rxd5 Qxh4+ 39. Kg1 e3 40.
f6+ Qxf6 41. Qe2 Qf2+ 42. Qxf2 exf2+ 0-1

[Event "SR 3. liga A2 2004/2005"]
[Site "?"]
[Date "2004.??.??"]
[Round "?"]
[White "Mihalik, Anton"]
[Black "Zajicek, Ferdinand"]
[Result "1-0"]
[WhiteElo "2030"]
[BlackElo "1725"]
[Annotator "Piestany B - Gbely"]
[PlyCount "79"]
[EventDate "2004.??.??"]

1. e4 e5 2. Nf3 Nc6 3. Bb5 d6 4. c3 Bd7 5. O-O Nf6 6. Re1 Be7 7. h3 O-O 8. Ba4
h6 9. d3 Nh7 10. Nbd2 a6 11. Nf1 b5 12. Bc2 Be6 13. Ng3 Qd7 14. d4 exd4 15.
cxd4 d5 16. e5 f5 17. a3 Nd8 18. b4 Nf7 19. Nh5 Nfg5 20. Qd3 Ne4 21. Nd2 Qe8
22. Nf4 Bg5 23. Nxe6 Qxe6 24. Nf1 Bxc1 25. Raxc1 Qg6 26. Re2 Rae8 27. Kh2 Re6
28. f3 Neg5 29. Ne3 Rc6 30. Nxd5 Qe8 31. Nf4 Kh8 32. Ree1 Ne6 33. Nxe6 Rxe6 34.
f4 g5 35. g3 gxf4 36. gxf4 Rg6 37. Rg1 Rxg1 38. Rxg1 Qc6 39. d5 Qb6 40. Qg3 1-0

[Event "SR 3. liga A2 2004/2005"]
[Site "?"]
[Date "????.??.??"]
[Round "?"]
[White "Papanek, Lubomir"]
[Black "Furjel, Andrej"]
[Result "0-1"]
[WhiteElo "1655"]
[BlackElo "2005"]
[Annotator "Piestany B - Gbely"]
[PlyCount "124"]
[EventDate "2004.??.??"]

1. e4 e5 2. Nf3 Nc6 3. d4 exd4 4. Nxd4 d6 5. Bb5 Bd7 6. Nc3 Nf6 7. Be3 Be7 8.
Nxc6 bxc6 9. Bc4 O-O 10. Bb3 Ng4 11. Bf4 Bf6 12. h3 Ne5 13. Be3 Be6 14. Qe2
Bxb3 15. axb3 a5 16. O-O Qe7 17. Ra4 Nd7 18. Rfa1 Nb6 19. Rxa5 Rxa5 20. Rxa5
Bxc3 21. bxc3 Qxe4 22. f3 Qe6 23. c4 Re8 24. Kf2 d5 25. Qd2 dxc4 26. Bxb6 cxb6
27. Ra7 cxb3 28. cxb3 Qxb3 29. Qd7 Qe3+ 30. Kg3 Qg5+ 31. Kf2 Qe3+ 32. Kg3 Qe1+
33. Kh2 Qe5+ 34. Kg1 Qe1+ 35. Kh2 Qe5+ 36. Kg1 Qe3+ 37. Kh1 Qe1+ 38. Kh2 {
pozicia 3x} Qe6 39. Qd2 h6 40. Rd7 Qe5+ 41. f4 Qe3 42. Qd6 g5 43. f5 Qe5+ 44.
Qxe5 Rxe5 45. g4 Kg7 46. Rd6 Rc5 47. Rd3 b5 48. Rb3 Rc4 49. Kg3 b4 50. Kf2 c5
51. Ke2 Rc3 52. Rxc3 bxc3 53. Kd3 Kf6 54. Kxc3 Ke5 55. Kc4 Kd6 56. Kc3 f6 57.
Kc4 Kc6 58. Kc3 Kd5 59. Kd3 c4+ 60. Kc2 Kd4 61. Kd2 c3+ 62. Kc1 Kd3 0-1

[Event "SR 3. liga A2 2004/2005"]
[Site "?"]
[Date "2004.??.??"]
[Round "?"]
[White "Kastler, Peter"]
[Black "Bincik, Pavol"]
[Result "0-1"]
[WhiteElo "1615"]
[BlackElo "1795"]
[Annotator "Piestany B - Gbely"]
[PlyCount "57"]
[EventDate "2004.??.??"]

1. d4 c6 2. c4 d5 3. Nc3 Nf6 4. Bg5 e6 5. e3 Nbd7 6. Nf3 Qa5 7. Bd3 Bb4 8. O-O
dxc4 9. Bxc4 Bxc3 10. bxc3 Qxc3 11. Rc1 Qa5 12. Bf4 O-O 13. Qb3 Re8 14. Bd3 Qb6
15. Qa3 Qd8 16. Bg5 h6 17. Bh4 Qe7 18. Qb3 e5 19. Bc4 exd4 20. Nxd4 Nb6 21. Bd3
g5 22. Bg3 Ne4 23. Bxe4 Qxe4 24. Rfd1 Nd5 25. Rc4 Qe7 26. Qb1 Nb6 27. Rc5 Qxc5
28. Nb3 Qf5 29. Qb2 0-1

[Event "SR 3. liga A2 2004/2005"]
[Site "?"]
[Date "2004.??.??"]
[Round "?"]
[White "Meszaros, Lorant"]
[Black "Kollarik, Gorazd"]
[Result "1-0"]
[WhiteElo "2080"]
[BlackElo "1840"]
[Annotator "Orech.Potoo- Hlohovec jun."]
[PlyCount "77"]
[EventDate "2004.??.??"]

1. d4 Nf6 2. Nf3 d5 3. c4 e6 4. g3 Bb4+ 5. Bd2 Bxd2+ 6. Nbxd2 O-O 7. Qc2 Nbd7
8. Bg2 c6 9. O-O Qc7 10. Rac1 Re8 11. e4 dxe4 12. Nxe4 Nxe4 13. Qxe4 Nf6 14.
Qc2 Bd7 15. Ne5 Rac8 16. Rfe1 b6 17. b4 c5 18. dxc5 bxc5 19. b5 Rcd8 20. h3 Bc8
21. Nc6 Rd6 22. Rcd1 Rxd1 23. Rxd1 a6 24. a4 Bb7 25. Qd3 Bxc6 26. Bxc6 Rc8 27.
Qe3 Qe7 28. Qe5 h6 29. Rd6 axb5 30. axb5 Ne8 31. Rd7 Qf8 32. Bb7 Nf6 33. Bxc8
Nxd7 34. Bxd7 Qe7 35. Bc6 Qa7 36. Qd6 g6 37. Qd8+ Kg7 38. b6 Qa1+ 39. Kg2 1-0

[Event "SR 3. liga A2 2004/2005"]
[Site "?"]
[Date "2004.??.??"]
[Round "?"]
[White "Skocik, Jozef"]
[Black "Szekely, Stefan"]
[Result "1-0"]
[WhiteElo "1730"]
[BlackElo "2060"]
[Annotator "Orech.Potoo - Hlohovec jun"]
[PlyCount "101"]
[EventDate "2004.??.??"]

1. e4 d6 2. d4 Nf6 3. Nc3 g6 4. Bg5 Bg7 5. Qd2 c6 6. Bh6 O-O 7. Bxg7 Kxg7 8. f3
b5 9. g4 Rh8 10. h4 h5 11. g5 Nfd7 12. f4 Nb6 13. b3 Bg4 14. Nd1 d5 15. e5 e6
$11 16. Ne3 Bf5 17. Nxf5+ exf5 18. Ne2 Nc8 19. Nc1 a5 20. a3 Nd7 21. Nd3 Qe7
22. a4 Nd6 23. Nf2 b4 24. O-O-O Ne4 25. Nxe4 dxe4 26. d5 cxd5 27. Qxd5 Rhd8 $11
28. Qd6 Qxd6 29. Rxd6 Nc5 30. Bb5 Rxd6 31. exd6 Rd8 32. d7 Kf8 33. Rd1 Ke7 34.
Rd5 Ne6 35. Re5 Kd6 36. Kd2 Nxf4 37. Re8 Ne6 38. Ke3 Ke5 39. Re7 f4+ 40. Ke2
Kf5 41. Rxf7+ Kg4 42. Re7 Nd4+ 43. Kf1 Nxb5 44. axb5 Kf3 45. b6 a4 46. bxa4 e3
47. b7 b3 48. cxb3 Kg3 49. a5 Kxh4 50. a6 Kg3 51. a7 1-0

[Event "SR 3. liga A2 2004/2005"]
[Site "?"]
[Date "2004.??.??"]
[Round "?"]
[White "Both, Lajos"]
[Black "Filip, Ferko"]
[Result "1-0"]
[WhiteElo "1995"]
[BlackElo "1825"]
[Annotator "Orech.Potoo - Hlohovec jun"]
[PlyCount "127"]
[EventDate "2004.??.??"]

1. d4 Nf6 2. c4 c6 3. Nc3 e6 4. e4 Bb4 5. Bd3 d5 6. cxd5 exd5 7. e5 Ne4 8. Nge2
f5 9. O-O O-O 10. a3 Be7 11. f3 Nxc3 12. bxc3 Bg5 13. Bxg5 Qxg5 14. f4 Qg4 15.
Rf3 Be6 16. Rg3 Qh5 17. Rh3 Qe8 18. Ng3 g6 19. Nf1 Rf7 20. Rg3 Rg7 21. Nd2 Nd7
22. Nf3 Nf8 23. h4 h5 24. a4 a5 25. Rb1 Qe7 26. Qb3 Kh8 27. Rh3 c5 28. Be2 c4
29. Qb2 Nd7 30. g3 Rb8 31. Rh2 b6 32. Ne1 Nf8 33. Bf3 Qe8 34. Qa2 Rgb7 35. Rhb2
Qc6 36. Rb5 Nd7 37. Qg2 Nf8 38. Bxd5 Bxd5 39. Qxd5 Qc8 40. Qd6 Qe6 41. Qxe6
Nxe6 42. Rd5 Nc7 43. Rd7 b5 44. axb5 Rxb5 45. Rxb5 Nxb5 46. e6 Re8 47. d5 Nxc3
48. Nc2 a4 49. e7 Kg7 50. d6 Kf7 51. Rd8 Ne4 52. d7 Rxe7 53. Rf8+ Kxf8 54.
d8=Q+ Re8 55. Qd4 c3 56. Qh8+ Kf7 57. Qh7+ Kf6 58. Qd7 Re7 59. Qxa4 Nxg3 60.
Qd4+ Kf7 61. Kf2 Ne4+ 62. Kg1 Ng3 63. Qc4+ Kf6 64. Qxc3+ 1-0

[Event "SR 3. liga A2 2004/2005"]
[Site "?"]
[Date "2004.??.??"]
[Round "?"]
[White "Slamka, Michal"]
[Black "Varga, Alexander"]
[Result "1/2-1/2"]
[WhiteElo "1615"]
[BlackElo "1850"]
[Annotator "Orech.Potoo - Hlohovec jun"]
[PlyCount "50"]
[EventDate "2004.??.??"]

1. e4 e6 2. d4 d5 3. exd5 exd5 4. Bf4 Nf6 5. Bd3 Nc6 6. c3 h6 7. Nd2 Bd6 8. Bg3
O-O 9. Qc2 Re8+ 10. Ne2 Ng4 11. O-O Bxg3 12. hxg3 Ne7 13. Nf3 c6 14. Rfe1 Qd6
15. Nf4 b5 16. b4 Bd7 17. Re2 a5 18. bxa5 Rxa5 19. Qd2 Raa8 20. Rae1 Kf8 21.
Bb1 Ng8 22. Nd3 Rxe2 23. Rxe2 Bf5 24. Qe1 Ne7 25. Nc5 Bc8 1/2-1/2

[Event "SR 3. liga A2 2004/2005"]
[Site "?"]
[Date "2004.??.??"]
[Round "?"]
[White "Liska, Ferko"]
[Black "Barca, Michal"]
[Result "1/2-1/2"]
[WhiteElo "2025"]
[BlackElo "1715"]
[Annotator "Orech.Potoo - Hlohovec jun"]
[PlyCount "86"]
[EventDate "2004.??.??"]

1. b3 c5 2. Bb2 Nc6 3. Nf3 d5 4. e3 Nf6 5. Bb5 Bd7 6. O-O a6 7. Bxc6 Bxc6 8. d4
e6 9. Nbd2 Rc8 10. c4 b5 11. Ne5 Qb6 12. Nxc6 Rxc6 13. dxc5 Bxc5 14. Bxf6 gxf6
15. cxd5 exd5 16. Nf3 Rd6 17. Rc1 Rd8 18. Qc2 Be7 19. Qc6+ Qxc6 20. Rxc6 Ra8
21. Rfc1 O-O 22. Nd4 Ba3 23. R1c2 Kg7 24. Rc7 Kg6 25. f4 Rfe8 26. Kf2 h5 27. h3
Bb4 28. Rd7 Rac8 29. Rxd5 Rxc2+ 30. Nxc2 Bf8 31. Kf3 Rc8 32. Nd4 Bb4 33. a4
bxa4 34. bxa4 Rc1 35. Nf5 Ra1 36. Ng3 h4 37. Nf5 Be1 38. Ne7+ Kg7 39. Rd4 Ra2
40. Nf5+ Kg6 41. Ne7+ Kg7 42. Nf5+ Kg6 43. Ne7+ Kg7 1/2-1/2

[Event "SR 3. liga A2 2004/2005"]
[Site "?"]
[Date "2004.??.??"]
[Round "?"]
[White "Racik, Marek"]
[Black "Szitasi, Janos"]
[Result "1/2-1/2"]
[WhiteElo "1665"]
[BlackElo "2005"]
[Annotator "Orech.Potoo - Hlohovec jun"]
[PlyCount "48"]
[EventDate "2004.??.??"]

1. Nf3 d5 2. c4 c6 3. b3 Nf6 4. Bb2 e6 5. g3 Be7 6. Bg2 O-O 7. O-O Nbd7 8. d4
b6 9. Nbd2 Bb7 10. Rc1 Rc8 11. e3 c5 12. Rc2 a6 13. Qa1 dxc4 14. bxc4 b5 15.
Rfc1 bxc4 16. Nxc4 Nd5 17. dxc5 N7f6 18. Nce5 Nb4 19. Rc4 Nc6 20. Nxc6 Bxc6 21.
Bd4 Bb5 22. R4c2 Ba4 23. Rc4 Bb5 24. R4c2 Ba4 1/2-1/2

[Event "SR 3. liga A2 2004/2005"]
[Site "?"]
[Date "2004.??.??"]
[Round "?"]
[White "Pekar, Tibor"]
[Black "Blatnicky, Miroslav"]
[Result "0-1"]
[WhiteElo "2015"]
[BlackElo "2010"]
[Annotator "Skalica - Vrbove"]
[PlyCount "98"]
[EventDate "2004.??.??"]

1. e4 e6 2. d4 d5 3. exd5 exd5 4. Bd3 Nc6 5. Ne2 Bd6 6. Nbc3 Be6 7. Nb5 Bb4+ 8.
c3 Ba5 9. b4 Bb6 10. a4 a6 11. Na3 Nf6 12. a5 Ba7 13. Nc2 Ne7 14. Bg5 c6 15.
Nf4 Qd6 16. Bxf6 gxf6 17. Nh5 f5 18. Nf6+ Kd8 19. Qf3 Ng6 20. g3 Qe7 21. Nh5
Bb8 22. Ne3 f4 23. Nxf4 Re8 24. Kd2 Bd6 25. Rae1 Nxf4 26. gxf4 Bxb4 27. cxb4
Qxb4+ 28. Ke2 Qxd4 29. Rb1 Bc8 30. f5 Qc5 31. Rhc1 Qxa5 32. Kf1 Qa3 33. Nxd5
Qd6 34. Nb6 Rb8 35. Rd1 Kc7 36. Rbc1 Kxb6 37. Bxa6 Qxh2 38. Qb3+ Ka7 39. Qf3
Bxf5 40. Rc3 Bh3+ 41. Qxh3 Qxh3+ 42. Rxh3 Kxa6 43. Rd7 Rf8 44. Rxh7 b5 45.
Rhxf7 Rxf7 46. Rxf7 b4 47. Ke2 b3 48. Rf3 b2 49. Ra3+ Kb7 0-1

[Event "SR 3. liga A2 2004/2005"]
[Site "?"]
[Date "2004.??.??"]
[Round "?"]
[White "Krchnak, Rudolf"]
[Black "Hrubsa, Vladimir"]
[Result "0-1"]
[WhiteElo "1790"]
[BlackElo "1990"]
[Annotator "Skalica - Vrbove"]
[PlyCount "70"]
[EventDate "2004.??.??"]

1. d4 Nf6 2. Nc3 d5 3. Bg5 Ne4 4. Nxe4 dxe4 5. e3 c6 6. c3 Qd5 7. Bf4 Nd7 8.
Qc2 Nf6 9. h3 Bf5 10. Ne2 Qa5 11. g4 Bg6 12. Ng3 h5 13. g5 h4 14. gxf6 hxg3 15.
fxg3 gxf6 16. Bg2 f5 17. Qb3 O-O-O 18. O-O-O Bg7 19. Rdg1 e5 20. dxe5 Bxe5 21.
Bf1 Bxf4 22. gxf4 Qc5 23. Rg3 Bh5 24. Bc4 Bf3 25. Re1 Qd6 26. Qc2 Rh4 27. Qf2
Rh7 28. Qc2 Qc5 29. Bf1 Qe7 30. Rxf3 exf3 31. Qxf5+ Qd7 32. Qxd7+ Rxd7 33. Rd1
Rg7 34. Bd3 Rxd3 35. Rxd3 f2 0-1

[Event "SR 3. liga A2 2004/2005"]
[Site "?"]
[Date "2004.??.??"]
[Round "?"]
[White "Londin, Martin"]
[Black "Smrek, Peter"]
[Result "1-0"]
[WhiteElo "1925"]
[BlackElo "1700"]
[Annotator "Skalica - Vrbove"]
[PlyCount "83"]
[EventDate "2004.??.??"]

1. e4 e5 2. Nf3 Nf6 3. Bc4 Nc6 4. Nc3 Bc5 5. O-O d6 6. h3 O-O 7. d3 h6 8. Be3
Bb6 9. Qd2 Bxe3 10. Qxe3 Na5 11. Nd2 Nxc4 12. Nxc4 Be6 13. Nd2 Nh5 14. Ne2 f5
15. exf5 Rxf5 16. f4 Qf6 17. fxe5 Rxe5 18. Rxf6 Rxe3 19. Rf2 Re8 20. Nf1 Re5
21. Nc3 Bd7 22. Kh2 c5 23. Ne4 R8e6 24. Nfd2 b5 25. Raf1 Bc6 26. Rf8+ Kh7 27.
R8f7 Kg6 28. Rxa7 Nf6 29. Nf3 Rd5 30. Nh4+ Kh5 31. Rxg7 Nxe4 32. dxe4 Rxe4 33.
Nf3 Re2 34. Kg1 Rxg2+ 35. Kxg2 Rg5+ 36. Rxg5+ hxg5 37. Kg3 Be4 38. Rf2 d5 39.
Ne5 c4 40. c3 Bb1 41. Rf6 Bxa2 42. Nf7 1-0

[Event "SR 3. liga A2 2004/2005"]
[Site "?"]
[Date "2004.??.??"]
[Round "?"]
[White "Lajda, Dusan"]
[Black "Vepy, Ivan"]
[Result "0-1"]
[WhiteElo "1750"]
[BlackElo "1890"]
[Annotator "Skalica - Vrbove"]
[PlyCount "84"]
[EventDate "2004.??.??"]

1. e4 e5 2. Nf3 d6 3. d4 exd4 4. Nxd4 Nf6 5. Nc3 Be7 6. Bd3 O-O 7. O-O c5 8.
Nf3 Bg4 9. h3 Bh5 10. g4 Nxg4 11. hxg4 Bxg4 12. Be2 Nc6 13. Nh2 Be6 14. Bf3 Qd7
15. Bg2 f5 16. exf5 Bxf5 17. Nd5 Bf6 18. c3 Ne5 19. Bf4 Nd3 20. Bg3 Rae8 21.
Nxf6+ Rxf6 22. Qb3+ Kf8 23. Qxb7 Qxb7 24. Bxb7 Rb8 25. Ba6 Nxb2 26. a4 Rb3 27.
Rfc1 c4 28. Bb5 d5 29. Re1 a6 30. Re8+ Kf7 31. Rae1 axb5 32. R8e7+ Kg6 33. Nf3
Nd3 34. Ne5+ Nxe5 35. R1xe5 Be4 36. Kf1 bxa4 37. f4 Rxc3 38. Rg5+ Kh6 39. Rexg7
Bg6 40. Rg8 a3 41. Ra8 Re6 42. Rg4 Rc1+ 0-1

[Event "SR 3. liga A2 2004/2005"]
[Site "?"]
[Date "2004.??.??"]
[Round "?"]
[White "Vogl, Zdenek"]
[Black "Podjavorinsky, Peter"]
[Result "0-1"]
[WhiteElo "1880"]
[BlackElo "1720"]
[Annotator "Skalica - Vrbove"]
[PlyCount "70"]
[EventDate "2004.??.??"]

1. e4 e5 2. Nf3 Nf6 3. Nxe5 d6 4. Nf3 Nxe4 5. d4 d5 6. Bd3 Be7 7. O-O O-O 8.
Re1 Bf5 9. c4 Bb4 10. Rf1 dxc4 11. Bxc4 h6 12. Qb3 Bd6 13. Qxb7 Nd7 14. Nc3 Nb6
15. Bb3 Re8 16. Qa6 Bg4 17. Nxe4 Rxe4 18. Qd3 Bf5 19. Qd1 Bg4 20. Qd3 Bf5 21.
Be3 Qf6 22. Rfe1 Rae8 23. Qf1 Bb4 24. Rec1 Bd6 25. Bc2 Rg4 26. Qb5 Rxe3 27.
fxe3 Bxc2 28. Qe8+ Kh7 29. Rxc2 Qxf3 30. Rf2 Bxh2+ 31. Kf1 Qd5 32. Qxf7 Qb5+
33. Ke1 Bg3 34. b3 Qd3 35. Qf3 Rh4 0-1

[Event "SR 3. liga A2 2004/2005"]
[Site "?"]
[Date "2004.??.??"]
[Round "?"]
[White "Mikudik, Ivan"]
[Black "Hrubsa, Marian"]
[Result "1/2-1/2"]
[WhiteElo "1650"]
[BlackElo "1775"]
[Annotator "Skalica - Vrbove"]
[PlyCount "71"]
[EventDate "2004.??.??"]

1. d4 d5 2. c4 e6 3. Nc3 Nf6 4. Nf3 c6 5. e3 Nbd7 6. cxd5 exd5 7. Bd3 Bd6 8.
Bd2 O-O 9. Rc1 Re8 10. O-O Ne4 11. h3 Ndf6 12. Qc2 Bd7 13. Na4 Qc8 14. Nh2 Bxh3
15. f4 Bg4 16. Be1 Qe6 17. Nf3 h6 18. Bh4 Nh5 19. Bxe4 dxe4 20. Ne5 Bf5 21. b3
Bb4 22. Nc5 Bxc5 23. Qxc5 Nf6 24. Bxf6 Qxf6 25. Qb4 Rab8 26. Rfd1 $11 Red8 27.
Rc2 Qh4 28. Qe1 Qe7 29. Qa5 a6 30. Nxc6 bxc6 31. Qxf5 Rb5 32. Qg4 f5 33. Qe2
Rd6 34. Rdc1 Qd7 35. Qc4+ Kh7 36. Qe2 1/2-1/2

[Event "SR 3. liga A2 2004/2005"]
[Site "?"]
[Date "2004.??.??"]
[Round "?"]
[White "Pagac, Robert"]
[Black "Matus, Peter"]
[Result "0-1"]
[WhiteElo "1800"]
[BlackElo "1725"]
[Annotator "Skalica - Vrbove"]
[PlyCount "90"]
[EventDate "2004.??.??"]

1. e4 c5 2. Nf3 Nc6 3. d4 cxd4 4. Nxd4 g6 5. Nf3 Bg7 6. Bd3 d6 7. h3 h5 8. c3
a6 9. Be3 b5 10. Nbd2 Ne5 11. Nxe5 dxe5 12. Bc2 Bb7 13. O-O Qc7 14. Qe2 Nf6 15.
Rad1 Rd8 16. Bg5 Bh6 17. Nf3 Rxd1 18. Rxd1 Bxg5 19. Nxg5 O-O 20. Bb3 e6 21. Qf3
Qe7 22. Qe3 Rd8 23. Re1 Nh7 24. Nf3 f6 25. Qh6 Nf8 26. Nh4 Qg7 27. Qe3 Kh7 28.
Qb6 Qe7 29. Qe3 g5 30. Nf3 Rd6 31. g3 Kg7 32. Nh2 Ng6 33. Bc2 h4 34. Ng4 Rd8
35. Rd1 Rxd1+ 36. Bxd1 f5 37. Nh2 Bxe4 38. Bf3 Bxf3 39. Nxf3 f4 40. Qd2 hxg3
41. fxg3 Kf6 42. Qg2 Qc5+ 43. Kh2 Qe3 44. Kh1 fxg3 45. Ng1 Nh4 0-1

[Event "SR 3. liga A2 2004/2005"]
[Site "?"]
[Date "2004.??.??"]
[Round "?"]
[White "Sulek, Viliam"]
[Black "Godula, Martin"]
[Result "1/2-1/2"]
[WhiteElo "2160"]
[BlackElo "2110"]
[Annotator "Gabcikovo - Piestany B"]
[PlyCount "110"]
[EventDate "2004.??.??"]

1. e4 c5 2. Nf3 d6 3. d4 cxd4 4. Nxd4 Nf6 5. Nc3 g6 6. g3 Nc6 7. Bg2 Nxd4 8.
Qxd4 Bg7 9. O-O O-O 10. Qd1 Qc7 11. Bg5 Be6 12. Nd5 Bxd5 13. exd5 h6 14. Be3
Nd7 15. c3 Ne5 16. Bd4 Rfe8 17. f4 Nd7 18. Bxg7 Kxg7 19. Qd4+ Nf6 20. c4 Rac8
21. Rac1 a5 22. Rfe1 Qc5 23. Qxc5 Rxc5 24. Bh3 Kf8 25. a4 Rd8 26. b3 Nd7 27.
Bxd7 Rxd7 28. Re3 h5 29. Rce1 Rcc7 30. Kf2 Rc5 31. h3 Rc8 32. g4 hxg4 33. hxg4
Re8 34. f5 Kg7 35. Rh1 Rg8 36. Kf3 g5 37. Rh5 f6 38. Ke4 Kf8 39. Kd4 Rc7 40.
Rh7 Ke8 41. Re6 Kd8 42. Kc3 Re8 43. Re2 Rc5 44. Rb2 Kc7 45. b4 axb4+ 46. Rxb4
Ra5 47. Kb3 b6 48. Ka3 Ra7 49. Rb3 Ra5 50. Re3 Kd8 $11 51. Re6 Rc5 52. Kb4 Ra5
53. Re2 Kd7 54. Rhh2 Rea8 55. Ra2 Kc7 $11 1/2-1/2